Loading...
| Literature - American | 0 | 9 | 0 | 0 | 90 | 28 | 68.44 | 3 | 9 | 0.00 | 0.00 |
| Science - Chemistry | 0 | 9 | 0 | 1 | 90 | 16 | 33.11 | 7 | 8 | 0.00 | 0.00 |
| Literature - World | 0 | 7 | 0 | 0 | 70 | 35 | 65.43 | 4 | 6 | 0.00 | 0.00 |
| Literature - British | 0 | 6 | 0 | 2 | 60 | 58 | 87.17 | 3 | 3 | 0.00 | 0.00 |
| Literature - European | 0 | 6 | 0 | 1 | 60 | 44 | 76.33 | 2 | 4 | 0.00 | 0.00 |
| History - American | 0 | 4 | 0 | 0 | 40 | 78 | 98.00 | 1 | 2 | 0.00 | 0.00 |
| History - World | 0 | 4 | 0 | 1 | 40 | 66 | 89.75 | 1 | 2 | 0.00 | 0.00 |
| Geography | 0 | 4 | 0 | 0 | 40 | 13 | 62.75 | 2 | 2 | 0.00 | 0.00 |
| Fine Arts - Other | 0 | 3 | 0 | 1 | 30 | 38 | 71.67 | 0 | 2 | 0.00 | 0.00 |
| Fine Arts - Painting and Sculpture | 0 | 3 | 0 | 1 | 30 | 48 | 90.00 | 0 | 1 | 0.00 | 0.00 |
| Mythology | 0 | 3 | 0 | 0 | 30 | 45 | 87.33 | 0 | 1 | 0.00 | 0.00 |
| History - Other | 0 | 2 | 0 | 1 | 20 | 64 | 83.50 | 1 | 1 | 0.00 | 0.00 |
| Philosophy | 0 | 2 | 1 | 0 | 15 | 54 | 73.50 | 0 | 1 | 0.00 | 0.00 |
| Social Science | 0 | 1 | 0 | 0 | 10 | 78 | 78.00 | 0 | 0 | 0.00 | 0.00 |
| Popular Culture | 0 | 1 | 0 | 0 | 10 | 73 | 73.00 | 1 | 1 | 0.00 | 0.00 |
| Religion | 0 | 2 | 2 | 0 | 10 | 64 | 87.00 | 0 | 1 | 0.00 | 0.00 |
| Fine Arts - Classical Music | 0 | 1 | 0 | 0 | 10 | 55 | 55.00 | 1 | 1 | 0.00 | 0.00 |
| Science - Other | 0 | 1 | 0 | 0 | 10 | 111 | 111.00 | 0 | 0 | 0.00 | 0.00 |
| Science - Physics | 0 | 1 | 0 | 0 | 10 | 93 | 93.00 | 0 | 0 | 0.00 | 0.00 |
| Science - Biology | 0 | 1 | 1 | 0 | 5 | 20 | 20.00 | 1 | 1 | 0.00 | 0.00 |